Meiji Taishō bungaku zenshū. Dai 3-kan /
Saved in:
| Main Author: | |
|---|---|
| Format: | Book |
| Language: | Japanese |
| Published: |
Tōkyō :
Shunʾyōdō,
Shōwa 3 [1928]
|
| Subjects: | |
| Tags: |
Add Tag
No Tags, Be the first to tag this record!
|
| LEADER | 01716cam a2200301ui 4500 | ||
|---|---|---|---|
| 001 | 007787536-2 | ||
| 005 | 20024617121422.0 | ||
| 008 | 920416s1928 ja 000 0 jpn d | ||
| 035 | 0 | |a ocm33738660 | |
| 040 | |a *LWU* |b jpn |c *LWU* |d *YNH* |d OCoLC |d *YNH* |d CStRLIN | ||
| 100 | 1 | |6 880-01 |a Tsubouchi, Shōyō, |d 1859-1935. | |
| 245 | 1 | 0 | |6 880-02 |a Meiji Taishō bungaku zenshū. |n Dai 3-kan / |c Tsubouchi Shōyō cho. |
| 260 | |6 880-03 |a Tōkyō : |b Shunʾyōdō, |c Shōwa 3 [1928] | ||
| 300 | |a 726 p. ; |c 20 cm. | ||
| 500 | |6 880-04 |a Hibaihin. | ||
| 500 | |6 880-05 |a Chosha no shōzō ari. | ||
| 505 | 0 | |6 880-06 |a Kiri ichiyō -- Hototogisu kojō no rakugetsu -- Maki no Kata -- Nagori no hoshizukiyo -- Shinkyoku Urashima -- Onatsu kyōran -- Kanzan shūtoku -- Oshichi Kichizō -- Hamuretto -- Ichidoku sankan tōsei shosei katagi -- Saikun -- Ichien shihei no rirekibanashi -- Azusa miko -- Kaisetsu / Ōmura Hiroyoshi -- Shōyō nenpu: p. 713-726. | |
| 650 | 0 | |a Japanese literature |y Shōwa period, 1926-1989. | |
| 650 | 0 | |a Japanese literature |y Taishō period, 1912-1926. | |
| 880 | 1 | |6 100-01 |a 坪內逍遙, |d 1859-1935. | |
| 880 | 1 | 0 | |6 245-02 |a 明治大正文學全集. |n 第3卷 / |c 坪內逍遙著. |
| 880 | |6 260-03 |a 東京 : |b 春陽堂, |c 昭和3 [1928] | ||
| 880 | |6 500-04 |a 非賣品. | ||
| 880 | |6 500-05 |a 著者の肖像あり. | ||
| 880 | 0 | |6 505-06 |a 桐一葉 -- 沓手鳥孤城落月 -- 牧の方 -- 名殘の星月夜 -- 新曲浦島 -- お夏狂亂 -- 寒山拾得 -- お七吉三 -- ハムレット -- 一讀三歎當世書生気質 -- 細君 -- 壹円紙幣の履歴ばなし -- 梓神子 -- 解說/ 大村弘毅 -- 逍遙年譜: p. 713-726. | |
| 886 | 2 | |2 jpnmarc |a 677 |b 918.6 | |
| 988 | |a 20021220 | ||
| 906 | |0 OCLC | ||


